Dessins animés par images #4 - Statistiques

Statistiques générales
  • Ce quiz a été pris 654 fois
  • Le résultat moyen est 8 sur 16
Statistiques - réponses
Par images Réponse % Correct
Ratz
96%
Ben 10
91%
Ninjago
86%
Bisounours
76%
Phineas et Ferb
76%
Martin mystère
71%
Inazuma Eleven
68%
Kim Possible
65%
Atomic Betty
44%
Rosie
31%
SheZow
24%
Jamie a des tentacules
23%
Gawayn
17%
Alien Bazar
11%
Super 4
11%
Raymond
10%
Aucun quiz correspondant
Distribution des résultats
% des personnes avec chaque résultat
Percentile par nombre de réponses
Votre historique - résultats
Vous n’avez pas pris ce quiz